MDQL
is popping MORE tags! Check the
thread
!
Quizzes
Events
Quiz Creation
Community
Videos
Private Events
Remove Ads
Sign In
Join for FREE
Feedback
Dark Mode
Quiz Categories
Sports
Geography
Music
Movies
Television
Just For Fun
Miscellaneous
History
Literature
Language
Science
Gaming
Entertainment
Religion
Holiday
For Kids
Quiz Lab
Recent
Popular Today
Quiz Kudos Today
Editor Picks
Curator Picks
Quizzes by...
Day
Popularity
Type
Ratings
Length
Year
Community
Subscriptions
Recent Discussions
Orange Saloon
Badges
Playlists
Quests
Create
Leaderboards
Showdown
Live 5
Trivia Bingo
Activity
Puzzle Library
Sporcle Events
Private Events
Virtual Trivia
Globe League
Become a Host
Pub Owners
SporcleCon
Opinionation
Our Games
Videos
Blog
Mobile Apps
Partnerships
Remove Ads and Go Orange
Feedback
Sports
Athletes
MLB
NBA
NHL
NFL
Soccer
Sports Teams
WWE
NCAA
Football
Premier League
Basketball
Baseball
Hockey
Golf
Tennis
Cricket
Rugby
Auto Racing
Olympics
World Cup
Sports
Athletes
MLB
NBA
NHL
NFL
Soccer
Sports Teams
WWE
NCAA
Football
Premier League
Basketball
Baseball
Hockey
Golf
Tennis
Cricket
Rugby
Auto Racing
Olympics
World Cup
Random Quiz
Search Sporcle
×
Quiz Lab
Quiz Lab
Sports
World Cup
Type in answers that appear in a list
Type in answers that appear in a list
Classic
Best Score? Go Orange.
FIFA Club World Cup Winners Starting XIs 2000/2013 Stats
Can you name the FIFA Club World Cup Winners Starting XIs 2000/2013
By
Taytanico
10m
110 Questions
364 Plays
364 Plays
364 Plays
Comments
Comments
Give Quiz Kudos
Give Quiz Kudos
-
- Ratings
hide this ad
Replay
Link that replays current quiz
Next Quiz
Link to next quiz in quiz playlist
You Got
0%
They Got
Avg Score
53%
Avg Friend Score
Upgrade to see
Score Distribution
Jump to the score distribution portion of the page
Score
0/110
Timer
10:00
0
Plays Today
Hint
Answer
% Correct
Bayern München '13
Manuel Neuer
96.4%
Barcelona '11
Xavi Hernández
92.9%
Barcelona '11
Lionel Messi
92.9%
Barcelona '09
Xavi Hernández
92.9%
Barcelona '09
Lionel Messi
92.9%
Bayern München '13
Philipp Lahm
92.6%
Barcelona '11
Andrés Iniesta
91.5%
Bayern München '13
Jérôme Boateng
90.9%
Barcelona '11
Víctor Valdés
90.7%
Barcelona '11
Gerard Piqué
90.7%
Barcelona '09
Víctor Valdés
90.7%
Barcelona '09
Gerard Piqué
90.7%
Barcelona '11
Carles Puyol
90.1%
Barcelona '09
Carles Puyol
90.1%
Bayern München '13
Franck Ribéry
89.8%
Internazionale '10
Samuel Eto'o
88.7%
Bayern München '13
Thomas Müller
88.5%
Manchester United '08
Cristiano Ronaldo
88.5%
Manchester United '08
Wayne Rooney
87.9%
Barcelona '11
Sergio Busquets
87.6%
Barcelona '09
Sergio Busquets
87.6%
Manchester United '08
Edwin van der Sar
87.1%
Manchester United '08
Rio Ferdinand
87.1%
Milan '07
Dida
85.4%
Corinthians '00
Dida
85.4%
Manchester United '08
Nemanja Vidić
83.5%
Barcelona '11
Dani Alves
82.7%
Bayern München '13
David Alaba
81.9%
Milan '07
Kaká
81.3%
Internazionale '10
Diego Milito
80.5%
Milan '07
Filippo Inzaghi
80.5%
Manchester United '08
Patrice Evra
80.2%
Milan '07
Paolo Maldini
79.9%
Barcelona '09
Daniel Alves
79.7%
Internazionale '10
Júlio César
79.4%
Milan '07
Andrea Pirlo
79.4%
Barcelona '11
Éric Abidal
78.8%
Hint
Answer
% Correct
Barcelona '09
Éric Abidal
78.8%
Milan '07
Alessandro Nesta
78.8%
Internazionale '10
Maicon
78.6%
Barcelona '09
Thierry Henry
78%
Manchester United '08
Michael Carrick
78%
Milan '07
Gennaro Gattuso
76.6%
Bayern München '13
Toni Kroos
74.5%
Manchester United '08
Carlos Tevez
74.2%
Internazionale '10
Javier Zanetti
73.9%
Internazionale '10
Lúcio
72.3%
Barcelona '09
Zlatan Ibrahimović
71.4%
Bayern München '13
Dante
70.6%
Internazionale '10
Esteban Cambiasso
70.6%
Milan '07
Clarence Seedorf
69.2%
Milan '07
Massimo Ambrosini
64%
Internazionale '10
Cristian Chivu
63.7%
Bayern München '13
Rafinha
60.2%
Manchester United '08
Rafael
58.5%
Internazionale '10
Goran Pandev
56.3%
Manchester United '08
Anderson
56%
Bayern München '13
Thiago Alcântara
54.9%
Barcelona '11
Thiago Alcântara
54.9%
Barcelona '11
Cesc Fàbregas
54.1%
Manchester United '08
Park Ji-Sung
49.7%
Milan '07
Kakha Kaladze
49.7%
Barcelona '09
Seydou Keita
49.2%
São Paulo '05
Rogério Ceni
44%
Internacional '06
Alexandre Pato
43.1%
Internazionale '10
Iván Córdoba
39%
Internazionale '10
Thiago Motta
32.1%
Corinthians '12
Paulinho
31.3%
Corinthians '12
Cássio Ramos
31%
Corinthians '12
Paolo Guerrero
30.8%
Bayern München '13
Xherdan Shaqiri
29.9%
Corinthians '12
Fábio Santos
29.4%
São Paulo '05
Júnior
27.5%
Internacional '06
Alex
25.3%
Hint
Answer
% Correct
Milan '07
Daniele Bonera
23.4%
Corinthians '12
Emerson
23.1%
Corinthians '00
Kléber
22.5%
Corinthians '12
Danilo
22%
São Paulo '05
Mineiro
22%
São Paulo '05
Danilo
22%
Corinthians '12
Ralf
20.6%
São Paulo '05
Diego Lugano
20.6%
São Paulo '05
Márcio Amoroso
20.3%
Corinthians '00
Vampeta
20.3%
São Paulo '05
Cicinho
20.1%
São Paulo '05
Josué
19.8%
Corinthians '12
Chicão
19.5%
Internacional '06
Fernandão
19.5%
Corinthians '00
Luizão
19.5%
Corinthians '12
Alessandro
19.2%
Corinthians '00
Edílson
19%
Corinthians '12
Jorge Henrique
18.7%
Internacional '06
Índio
18.1%
Corinthians '00
Índio
18.1%
Corinthians '00
Ricardinho
17.9%
São Paulo '05
Aloísio
17%
Corinthians '00
Freddy Rincón
16.8%
Corinthians '00
Marcelinho
16.8%
Internacional '06
Clemer
16.5%
São Paulo '05
Fabão
15.7%
Corinthians '12
Paulo André
15.1%
Internacional '06
Iarley
15.1%
Internacional '06
Fabiano Eller
14.3%
São Paulo '05
Edcarlos
14%
Internacional '06
Ceará
12.9%
Corinthians '00
Fábio Luciano
12.1%
Internacional '06
Edinho
11.3%
Corinthians '00
Adilson
9.3%
Internacional '06
Rubens Cardoso
7.7%
Internacional '06
Wellington Monteiro
6.9%
Quiz Playlist
Details
Report
Send in Message
Add To Playlist
Classic:
Type in answers that appear in a list
Quiz Source
Last Updated: Feb 16, 2017
Quiz Scoreboard
CHALLENGE
Sign Up to Join the Scoreboard
Show All
Scores
Hide
Comments
May contain spoilers
Recently Published
Colored Red Africa Blitz
by spor1
Geography
30s
Find the 'City' Movie
by crazypaving
Movies
60s
5x2 Blitz: Bands
by SL_Kpop136
Music
30s
More to Explore
Quiz From the Vault
Featured Blog Post
14 Easter Pick-up Lines to Find Eggs With
hide this ad
You Might Also Like...
Tags
Football Quiz
Soccer Quiz
World Cup Quiz
FIFA
Intercontinental
Today's Top Quizzes in Sports
Browse Sports
hide this ad
Today's Top Quizzes in World Cup
Browse World Cup
Top Contributed Quizzes in Sports
1
Players with Multiple 50 Home Run Seasons
2
Who Needs Fielders?
3
Criteria MLB: Left Handed Sluggers
4
MLB Players with Two .350 Batting Average Seasons
5
Who Hit More Homers?
6
2020 F1 Drivers Logic Puzzle
7
NBA Teammate Connections
8
Premier League Clubs since 2000 (minefield)
9
MLB Teams by First Game
10
Top 10 NHL Goal Scorers of All Time
Explore More
Trending Topics
Disney
Harry Potter
Crossword
NBA
Kpop
Marvel
Anime
NFL
Pokémon
Puzzle
WWE
Soccer
The Office
Song
Country
hide this ad
More By:
Taytanico
Quiz
Plays
Rating
Category
Featured
Created
NBA Finals Champions and RunnersUp
11,694
3.90
Sports
Oct 15, 2014
Ballon D'Or Top Voted Football Players
10,323
4.47
Sports
Sep 19, 2014
Top 300 Most Expensive Transfers in Soccer
5,093
4.75
Sports
Jul 6, 2015
Provinces of Spain on a Map
4,443
5.00
Geography
Nov 2, 2014
UEFA Best XI
3,024
4.60
Sports
Jan 23, 2015
Go to Creator's Profile
Score Distribution
Quiz Creator Spotlight
Taytanico
Follow
Send a Message
Quizzes Created
-
Created Quiz Play Count
-
More By This Creator
Popular Quizzes Today
1
5x2 Blitz: Bands
2
Find the 'City' Movie
3
Find the US States - No Outlines Minefield
4
Colored Red Africa Blitz
5
The Countries of the World
6
Find the US States
7
9x9 Crossword: Cartoon Network
8
Risky Map Clicking: Biggest States A-Z
More Sports Quizzes
MLB 20-Game Winners Age 35 or Older
Published
Trending Quizzes
Colored Red Africa Blitz II
Colored Red Europe Blitz I
Find the 'Dark' Movie
Find the 'Day' Movie
Find the 'Good' Movie
Recently Updated
Champions League XIs: Real Madrid
pecheneg
Largest US Cities 1790-2010
pecheneg
Rides in Walt Disney World
pecheneg
Most Oscar Losses (Acting)
pecheneg
Beyoncé Albums
pecheneg
Leaping Animals
pecheneg
Reality TV Shows (A-Z)
bhenderson79
Rickey Henderson's Hall of Fame Teammates
pecheneg
Champions League XIs: Arsenal
pecheneg
Quick Pick: Celebrities in WWE's Hall of Fame
aduchscher
Trending Topics
NBA
Harry Potter
Anime
Disney
Crossword
Marvel
Kpop
Country
NFL
The Office
Soccer
Pokémon
Puzzle
Song
WWE
Your Account Isn't Verified!
In order to create a playlist on Sporcle, you need to verify the email address you used during registration. Go to your
Sporcle Settings
to finish the process.
Report this User
Report this user for behavior that violates our
Community Guidelines
.
Details:
Send Report
Go to the Sporcle.com Mobile Site →
Comments